00998nam a22002537a 45000010005000000030006000050050017000110080041000280200018000690400029000870820014001161000026001302450083001562500028002392600038002673000045003055050007003505200286003575210019006435210018006626500016006806500014006967000034007105136FISKH20250827093820.0241107b cb ||||| |||| 00| 0 eng d a9789814281096 aFISKHbengcFISKHdFISKH a398.20947 aGiles, Jennyd(1985-) aThe tale of the turnip /cRetold by Jenny Giles Illustrated by Chantal Stewart aFirst published in 1997 aSouth Melbourne :bNelson,c1997. a32 pages :bcolor illustrations ;c21 cm aP  aOriginally a Russian folk tale, this is the story of an old farmer and a turnip that grows to become gigantic. The farmer decides to make turnip soup, but cannot pull it out of the ground all on his own. Other characters, including a mouse, unite to help create a delicious ending.8 a650 bLexile 8 aP bRaz-Plus  2Fairy tales 2Folktales aStewart, ChantaldIllustrator